| 000 | 00548nam a22001577a 4500 | ||
|---|---|---|---|
| 010 | _aENG-138246 | ||
| 020 |
_a9789380945620 _c900.00 |
||
| 035 | _aEN-121778 | ||
| 082 | _a343.5408 | ||
| 245 |
_aReflections on some recent legal issue/ _cEdited By Siya Ram Shukla _hEnglish |
||
| 260 |
_aDelhi _bEduacational book service _c2015 |
||
| 270 |
_aN-3/25A, D.K. Road, Mohan garden, uttam nagar,new delhi _bDelhi _e110059 |
||
| 300 |
_a279p. _c23cm(hbk) |
||
| 700 |
_aShukla, Siya Ram _eEditor _957470 |
||
| 942 |
_2ddc _h343.5408 _mREF _cEN |
||
| 999 |
_c198553 _d198553 |
||